[Event "Hvar Arsenal op"]
[Site "Hvar"]
[Date "2022.10.09"]
[Round "3"]
[White "Denic, Marin"]
[Black "Sisic, Muhamed"]
[Result "1-0"]
[WhiteElo "2059"]
[BlackElo "1795"]
[PlyCount "93"]
[EventDate "2022.10.08"]
[EventType "swiss"]
[EventRounds "9"]
[EventCountry "CRO"]
[SourceTitle "CBM 210 Extra"]
[Source "ChessBase"]
[SourceDate "2022.11.30"]
[SourceVersion "1"]
[SourceVersionDate "2022.11.30"]
[SourceQuality "1"]

1. e4 c6 2. c4 d5 3. exd5 cxd5 4. d4 Nf6 5. Nc3 Nc6 6. Nf3 e6 7. cxd5 Nxd5 8. Bd3 Be7 9. 0-0 0-0 10. Re1 Nxc3 11. bxc3 Bf6 12. Qe2 g6 13. Bf4 b6 14. Nd2 Bg7 15. Be4 Bb7 16. Nc4 Ba6 17. Bd3 Ne7 18. Ne5 Bxd3 19. Qxd3 Rc8 20. Rad1 Nd5 21. Bd2 Qc7 22. Rc1 Rfd8 23. c4 Ne7 24. Bf4 Qb7 25. Red1 Qa6 26. Qb3 h6 27. g4 Qa5 28. Bd2 Qa6 29. Bf4 Qb7 30. Qe3 g5 31. Bg3 Bf6 32. h4 Kg7 33. h5 Qa6 34. f4 b5 35. fxg5 Bxg5 36. Bf4 Bxf4 37. Qxf4 f6 38. Rf1 Ng8 39. Qe4 Ne7 40. Rxf6 Kxf6 41. Rf1+ Nf5 42. Rxf5+ exf5 43. Qxf5+ Ke7 44. Qh7+ Kd6 45. Qxh6+ Kc7 46. Qxa6 Rxd4 47. Qxa7+ 1-0

[Event "EU-ch Amateur U2300"]
[Site "Zagreb"]
[Date "2022.08.14"]
[Round "1"]
[White "Denic, Marin"]
[Black "Vanden Bussche, Steven"]
[Result "1-0"]
[WhiteElo "2190"]
[BlackElo "2026"]
[PlyCount "46"]
[EventDate "2022.08.14"]
[EventType "swiss"]
[EventRounds "9"]
[EventCountry "CRO"]
[SourceTitle "CBM 210 Extra"]
[Source "ChessBase"]
[SourceDate "2022.11.30"]
[SourceVersion "1"]
[SourceVersionDate "2022.11.30"]
[SourceQuality "1"]

1. e4 c6 2. d4 d5 3. exd5 cxd5 4. c4 Nf6 5. Nc3 Nc6 6. Nf3 Bg4 7. Bg5 e6 8. cxd5 exd5 9. Bxf6 gxf6 10. Be2 Bb4 11. 0-0 Qd7 12. Nh4 Bxe2 13. Qxe2+ Ne7 14. Rac1 Kf8 15. Qf3 f5 16. a3 Bd6 17. g3 Bc7 18. Rfe1 Rc8 19. Ne2 Kg7 20. Nf4 Bxf4 21. Rxc8 Rxc8 22. Rxe7 Rc1+ 23. Kg2 Qa4 1-0

[Event "Split op 10th"]
[Site "Split"]
[Date "2021.08.05"]
[Round "7"]
[White "Denic, Marin"]
[Black "Armanda, Ivica"]
[Result "0-1"]
[WhiteElo "1859"]
[BlackElo "2253"]
[PlyCount "50"]
[EventDate "2021.07.31"]
[EventType "swiss"]
[EventRounds "9"]
[EventCountry "CRO"]
[SourceTitle "CBM 203 Extra"]
[Source "ChessBase"]
[SourceDate "2021.09.30"]
[SourceVersion "1"]
[SourceVersionDate "2021.09.30"]
[SourceQuality "1"]

1. e4 g6 2. d4 Bg7 3. Nc3 d6 4. Be3 c6 5. a4 Nd7 6. Bc4 Ngf6 7. Nf3 Qa5 8. 0-0 0-0 9. Bb3 Qh5 10. h3 e5 11. d5 cxd5 12. Bxd5 Nc5 13. b4 Ne6 14. Ne2 Nf4 15. Ng3 Qh6 16. Bb3 Rd8 17. Nxe5 Be6 18. Nd3 g5 19. Bxe6 fxe6 20. Qd2 Nxh3+ 21. gxh3 Qxh3 22. Bxg5 Ng4 23. Rfd1 Bd4 24. Bxd8 Qxg3+ 25. Kf1 Nh2+ 0-1

[Event "CRO-ch U17"]
[Site "Split"]
[Date "2021.07.31"]
[Round "9"]
[White "Ljubicic, Mario"]
[Black "Denic, Marin"]
[Result "0-1"]
[WhiteElo "1948"]
[BlackElo "1859"]
[PlyCount "58"]
[EventDate "2021.07.25"]
[EventType "swiss"]
[EventRounds "9"]
[EventCountry "CRO"]
[SourceTitle "EXT 2022"]
[Source "ChessBase"]
[SourceDate "2021.10.06"]
[SourceVersion "1"]
[SourceVersionDate "2021.10.06"]
[SourceQuality "1"]

1. e4 c5 2. Nf3 e6 3. d3 Nc6 4. g3 Nf6 5. Bg2 d5 6. Qe2 Be7 7. 0-0 0-0 8. e5 Nd7 9. c4 b5 10. cxd5 exd5 11. Nc3 Nb6 12. Nxb5 a6 13. Nc3 Bg4 14. Qe3 Bxf3 15. Bxf3 Nd4 16. Bd1 Qd7 17. f4 Rae8 18. Ne2 Nc6 19. Bb3 c4 20. Qxb6 Rb8 21. Qe3 cxb3 22. f5 Rfe8 23. d4 bxa2 24. Qf3 Qa7 25. f6 Nxe5 26. Qxd5 Bxf6 27. Rxa2 Rbd8 28. Qc5 Nf3+ 29. Kg2 Qb7 0-1

[Event "CRO-ch U17"]
[Site "Split"]
[Date "2021.07.30"]
[Round "8"]
[White "Denic, Marin"]
[Black "Damjanovic, Stjepan"]
[Result "1-0"]
[WhiteElo "1859"]
[BlackElo "1802"]
[PlyCount "57"]
[EventDate "2021.07.25"]
[EventType "swiss"]
[EventRounds "9"]
[EventCountry "CRO"]
[SourceTitle "EXT 2022"]
[Source "ChessBase"]
[SourceDate "2021.10.06"]
[SourceVersion "1"]
[SourceVersionDate "2021.10.06"]
[SourceQuality "1"]

1. Nf3 d5 2. e3 Nf6 3. c4 e6 4. b3 Be7 5. Bb2 0-0 6. Nc3 b6 7. cxd5 Nxd5 8. Nxd5 Qxd5 9. Bc4 Qh5 10. Qc2 Ba6 11. Qe4 c6 12. Ne5 Bxc4 13. Qxc4 c5 14. h4 Rd8 15. g4 Qh6 16. 0-0-0 Nd7 17. Nc6 Re8 18. Qd3 Nf8 19. h5 Bf6 20. Ne5 Bxe5 21. Bxe5 f6 22. f4 c4 23. bxc4 Red8 24. Qe4 Rac8 25. g5 fxg5 26. Rdg1 g4 27. Rxg4 g6 28. Bc3 g5 29. fxg5 1-0

[Event "CRO-chT U20 30th"]
[Site "Rabac"]
[Date "2021.04.08"]
[Round "5.3"]
[White "Horcicka, Jan"]
[Black "Denic, Marin"]
[Result "0-1"]
[WhiteElo "1698"]
[BlackElo "1914"]
[PlyCount "54"]
[EventDate "2021.04.06"]
[EventType "team-tourn"]
[EventRounds "11"]
[EventCountry "CRO"]
[SourceTitle "CBM 201 Extra"]
[Source "ChessBase"]
[SourceDate "2021.05.31"]
[SourceVersion "1"]
[SourceVersionDate "2021.05.31"]
[SourceQuality "1"]
[WhiteTeam "Koprivnica U20"]
[BlackTeam "Split Mornar U20"]
[WhiteTeamCountry "CRO"]
[BlackTeamCountry "CRO"]

1. e4 e5 2. Nf3 Nc6 3. Bc4 Bc5 4. Nc3 d6 5. d3 Be6 6. Nd5 Nce7 7. c3 c6 8. Nxe7 Qxe7 9. Bxe6 Qxe6 10. 0-0 Nf6 11. d4 Bb6 12. Qc2 0-0 13. Ng5 Qe7 14. dxe5 Qxe5 15. Kh1 h6 16. f4 Qe7 17. e5 hxg5 18. exf6 Qxf6 19. Rf3 g4 20. Rg3 Qe6 21. Bd2 Bf2 22. f5 Qe2 23. Rd3 Rfe8 24. Rxd6 Rad8 25. Rxd8 Rxd8 26. Rd1 Be3 27. f6 Rxd2 0-1

[Event "CRO-chT U20 30th"]
[Site "Rabac"]
[Date "2021.04.06"]
[Round "2.4"]
[White "Denic, Marin"]
[Black "Markovic, Marko2222"]
[Result "0-1"]
[WhiteElo "1914"]
[BlackElo "1537"]
[PlyCount "64"]
[EventDate "2021.04.06"]
[EventType "team-tourn"]
[EventRounds "11"]
[EventCountry "CRO"]
[SourceTitle "CBM 201 Extra"]
[Source "ChessBase"]
[SourceDate "2021.05.31"]
[SourceVersion "1"]
[SourceVersionDate "2021.05.31"]
[SourceQuality "1"]
[WhiteTeam "Split Mornar U20"]
[BlackTeam "Strizivojna Amater U20"]
[WhiteTeamCountry "CRO"]
[BlackTeamCountry "CRO"]

1. e4 c5 2. Nf3 Nc6 3. d4 cxd4 4. Nxd4 g6 5. Nc3 Bg7 6. Be3 Nf6 7. Bc4 0-0 8. Bb3 d6 9. f3 Bd7 10. Qd2 a6 11. 0-0-0 b5 12. h4 Nxd4 13. Bxd4 a5 14. Nd5 Nxd5 15. Bxd5 Rc8 16. Bxg7 Kxg7 17. Qd4+ Kg8 18. c3 b4 19. h5 e6 20. f4 e5 21. Qf2 bxc3 22. b3 Qf6 23. hxg6 hxg6 24. Kc2 exf4 25. g3 Bg4 26. Rd3 f3 27. Qh2 Qg7 28. Qh4 Be6 29. Rxf3 Bxd5 30. exd5 Rfe8 31. Rh2 Re5 32. Rd3 Rh5 0-1

[Event "CRO-chT U18"]
[Site "Cakovec"]
[Date "2019.12.30"]
[Round "7.1"]
[White "Jurakic, Lukas"]
[Black "Denic, Marin"]
[Result "1-0"]
[WhiteElo "1976"]
[BlackElo "1857"]
[PlyCount "107"]
[EventDate "2019.12.27"]
[EventType "team-tourn"]
[EventRounds "7"]
[EventCountry "CRO"]
[SourceTitle "CBM 194 Extra"]
[Source "ChessBase"]
[SourceDate "2020.03.31"]
[SourceVersion "1"]
[SourceVersionDate "2020.03.31"]
[SourceQuality "1"]

1. e4 c5 2. Nf3 e6 3. d4 cxd4 4. Nxd4 Nc6 5. Nc3 Qc7 6. Be3 a6 7. Be2 Nf6 8. f4 Bb4 9. Bf3 d6 10. 0-0 Bxc3 11. bxc3 Na5 12. Qe1 Nc4 13. Bf2 0-0 14. Bh4 Nd7 15. f5 e5 16. Nb3 b5 17. Kh1 Bb7 18. g4 d5 19. exd5 Rfe8 20. Be4 Nd6 21. Rd1 Nxe4 22. Qxe4 Nb6 23. Kg1 Nc4 24. Rf3 Nd6 25. Qe3 Qc4 26. Rg3 Rac8 27. Na5 Qc7 28. Nxb7 Nxb7 29. f6 Qc5 30. d6 Red8 31. d7 Rc7 32. fxg7 Rdxd7 33. Rxd7 Rxd7 34. Bf6 Rd1+ 35. Kf2 Qc4 36. Rf3 Qxg4 37. Rg3 Qf5+ 38. Rf3 Qxc2+ 39. Kg3 Qg6+ 40. Kh4 Rg1 41. h3 Nd6 42. Qxe5 h5 43. Qd4 Kh7 44. Qf4 Ne4 45. Bd4 Ng5 46. Bxg1 Nxf3+ 47. Qxf3 Qxg1 48. Qxh5+ Kxg7 49. Qg5+ Qxg5+ 50. Kxg5 f6+ 51. Kf5 Kf7 52. h4 a5 53. a3 Kg7 54. h5 1-0

[Event "CRO-chT U18"]
[Site "Cakovec"]
[Date "2019.12.29"]
[Round "6.1"]
[White "Denic, Marin"]
[Black "Levacic, Matej"]
[Result "1/2-1/2"]
[WhiteElo "1857"]
[BlackElo "2000"]
[PlyCount "36"]
[EventDate "2019.12.27"]
[EventType "team-tourn"]
[EventRounds "7"]
[EventCountry "CRO"]
[SourceTitle "CBM 194 Extra"]
[Source "ChessBase"]
[SourceDate "2020.03.31"]
[SourceVersion "1"]
[SourceVersionDate "2020.03.31"]
[SourceQuality "1"]

1. e4 c6 2. d4 d5 3. Nc3 dxe4 4. Nxe4 Bf5 5. Nc5 e5 6. Nxb7 Qb6 7. Nc5 exd4 8. Nb3 Bb4+ 9. Bd2 Nf6 10. Bxb4 Qxb4+ 11. Qd2 Qxd2+ 12. Kxd2 0-0 13. Bd3 Bxd3 14. cxd3 Nbd7 15. Nf3 c5 16. Rac1 Rab8 17. Rc2 Rb5 18. Rhc1 Rfb8 1/2-1/2

[Event "CRO-ch U15"]
[Site "Trogir"]
[Date "2019.06.22"]
[Round "9"]
[White "Perusko, Niko"]
[Black "Denic, Marin"]
[Result "1/2-1/2"]
[WhiteElo "1904"]
[BlackElo "1767"]
[PlyCount "85"]
[EventDate "2019.06.17"]
[EventType "swiss"]
[EventRounds "9"]
[EventCountry "CRO"]
[SourceTitle "EXT 2020"]
[Source "ChessBase"]
[SourceDate "2019.10.17"]
[SourceVersion "1"]
[SourceVersionDate "2019.10.17"]
[SourceQuality "1"]

1. Nf3 d5 2. g3 Nf6 3. Bg2 c6 4. 0-0 Bg4 5. d4 e6 6. Ne5 Bf5 7. Nd2 Nbd7 8. Nxd7 Qxd7 9. Re1 Be7 10. e4 dxe4 11. Nxe4 Rd8 12. Nxf6+ Bxf6 13. c3 h6 14. Qf3 Qe7 15. Bf4 0-0 16. Rad1 Rfe8 17. Be5 Bxe5 18. Rxe5 Qg5 19. Rde1 f6 20. h4 Qg6 21. R5e3 Bb1 22. a3 Ba2 23. Qd1 Bd5 24. Bxd5 exd5 25. Re7 Rb8 26. Rxe8+ Rxe8 27. Rxe8+ Qxe8 28. Kf1 Qe4 29. f3 Qe3 30. Qe2 Qc1+ 31. Kg2 Kf7 32. Kf2 a5 33. Kg2 a4 34. Kf2 Qh1 35. Qf1 Qxf1+ 36. Kxf1 Ke6 37. Ke2 g5 38. h5 Kf5 39. Ke3 g4 40. f4 Ke6 41. Kd3 b5 42. Ke3 Kd6 43. f5 1/2-1/2

[Event "Hvar op U15"]
[Site "Hvar"]
[Date "2018.10.08"]
[Round "6"]
[White "Denic, Marin"]
[Black "Tukovic, Dario"]
[Result "1-0"]
[WhiteElo "1635"]
[BlackElo "1518"]
[PlyCount "129"]
[EventDate "2018.10.05"]
[EventType "swiss"]
[EventRounds "6"]
[EventCountry "CRO"]
[SourceTitle "CBM 187 Extra"]
[Source "ChessBase"]
[SourceDate "2018.11.04"]
[SourceVersion "1"]
[SourceVersionDate "2018.11.04"]
[SourceQuality "1"]

1. e4 e5 2. Nf3 Nc6 3. Bc4 Bc5 4. c3 Nf6 5. d3 d6 6. 0-0 a6 7. Be3 Ba7 8. Bb3 0-0 9. Nbd2 Re8 10. Re1 Bxe3 11. Rxe3 Be6 12. Nf1 Bxb3 13. Qxb3 Qd7 14. Ree1 Ne7 15. d4 Ng6 16. Ng3 c6 17. Rad1 Qc7 18. dxe5 dxe5 19. Rd2 Rad8 20. Red1 Rxd2 21. Rxd2 h6 22. Qc2 Nf4 23. Nf5 Kh7 24. g3 Ne6 25. Nd6 Rd8 26. Nc4 Rxd2 27. Nfxd2 b5 28. Ne3 Nc5 29. b4 Na4 30. Qd3 Qe7 31. f4 Qe6 32. fxe5 Qxe5 33. Qd4 Qe6 34. Qd3 Qe5 35. Qd4 Qe6 36. Qd3 g6 37. Qc2 Qe5 38. c4 Qd4 39. Ndf1 Ng4 40. Qe2 Ne5 41. cxb5 Nc3 42. Qf2 cxb5 43. Nd5 Qxf2+ 44. Kxf2 Nxd5 45. exd5 Nd3+ 46. Ke3 Nxb4 47. d6 Nc6 48. Ke4 Kg7 49. Kd5 Nd8 50. d7 Kf8 51. Kd6 a5 52. Nd2 f5 53. Nb3 Kf7 54. Nxa5 g5 55. Nc6 Ne6 56. d8Q Nxd8 57. Nxd8+ Kf6 58. Ne6 h5 59. h3 h4 60. gxh4 gxh4 61. Nf4 b4 62. Kd5 Kg5 63. Ke5 Kh6 64. Kxf5 Kh7 65. Nd5 1-0

[Event "Hvar op U15"]
[Site "Hvar"]
[Date "2018.10.07"]
[Round "4"]
[White "Denic, Marin"]
[Black "Matosin, Jurica"]
[Result "1-0"]
[WhiteElo "1635"]
[BlackElo "1586"]
[PlyCount "63"]
[EventDate "2018.10.05"]
[EventType "swiss"]
[EventRounds "6"]
[EventCountry "CRO"]
[SourceTitle "CBM 187 Extra"]
[Source "ChessBase"]
[SourceDate "2018.11.04"]
[SourceVersion "1"]
[SourceVersionDate "2018.11.04"]
[SourceQuality "1"]

1. e4 d6 2. d4 g6 3. Nc3 Bg7 4. Be3 Nd7 5. Qd2 c6 6. f3 Qa5 7. 0-0-0 b5 8. Kb1 Rb8 9. h4 Nb6 10. b3 b4 11. Nce2 Be6 12. Nf4 Bc4 13. Bxc4 Nxc4 14. bxc4 Rb6 15. Nge2 Ra6 16. Nc1 c5 17. g4 e5 18. Nd5 exd4 19. Bf4 Ne7 20. Bh6 Nxd5 21. exd5 0-0 22. Bxg7 Kxg7 23. h5 Rh8 24. h6+ Kf8 25. Qg5 Qc7 26. Qf6 Rg8 27. Rhe1 Ra3 28. Nb3 Qd7 29. Re4 g5 30. Rde1 Rg6 31. Re8+ Qxe8 32. Qh8+ 1-0

[Event "CRO-ch U15"]
[Site "Trogir"]
[Date "2018.06.18"]
[Round "4"]
[White "Haidinger, Erik"]
[Black "Denic, Marin"]
[Result "0-1"]
[WhiteElo "1860"]
[BlackElo "1477"]
[PlyCount "56"]
[EventDate "2018.06.16"]
[EventType "swiss"]
[EventRounds "9"]
[EventCountry "CRO"]
[SourceTitle "EXT 2019"]
[Source "ChessBase"]
[SourceDate "2018.10.10"]
[SourceVersion "1"]
[SourceVersionDate "2018.10.10"]
[SourceQuality "1"]

1. d4 d5 2. Nf3 Nf6 3. e3 e6 4. Bd3 c5 5. b3 Nc6 6. 0-0 cxd4 7. exd4 Bd6 8. Nbd2 0-0 9. c4 dxc4 10. bxc4 b6 11. Ne4 Be7 12. Bc2 Bb7 13. Bb2 Nb4 14. Nxf6+ Bxf6 15. Ne5 Bxe5 16. dxe5 Qg5 17. f3 Rfd8 18. Qe2 Rd2 19. h4 Rxe2 20. hxg5 Rxc2 21. Ba3 Rxc4 22. Rad1 Nd5 23. Rd2 Rac8 24. Rfd1 Rc2 25. Rd4 Rxa2 26. Bb4 Rcc2 27. Rg4 Rxg2+ 28. Rxg2 Rxg2+ 0-1

[Event "CRO-ch U15"]
[Site "Trogir"]
[Date "2018.06.16"]
[Round "1"]
[White "Denic, Marin"]
[Black "Faukovic, Matija"]
[Result "1/2-1/2"]
[WhiteElo "1477"]
[BlackElo "1795"]
[PlyCount "64"]
[EventDate "2018.06.16"]
[EventType "swiss"]
[EventRounds "9"]
[EventCountry "CRO"]
[SourceTitle "EXT 2019"]
[Source "ChessBase"]
[SourceDate "2018.10.10"]
[SourceVersion "1"]
[SourceVersionDate "2018.10.10"]
[SourceQuality "1"]

1. d4 Nf6 2. Bf4 g6 3. Nc3 Bg7 4. e4 d6 5. Qd2 0-0 6. 0-0-0 Nbd7 7. Nf3 c5 8. d5 Rb8 9. Bh6 b5 10. Bxg7 Kxg7 11. Bxb5 Qb6 12. b3 Nxe4 13. Nxe4 Qxb5 14. c4 Qb4 15. Qb2+ Nf6 16. Rhe1 a5 17. Nfg5 Bf5 18. Nxf6 exf6 19. Ne4 Bxe4 20. Rxe4 a4 21. Kc2 Rfe8 22. Rde1 Qxe1 23. Rxe1 Rxe1 24. Kd3 axb3 25. axb3 Rbe8 26. b4 Rd1+ 27. Kc3 Ree1 28. bxc5 dxc5 29. Qb5 Rc1+ 30. Kd3 Red1+ 31. Ke2 Re1+ 32. Kd3 Rcd1+ 1/2-1/2

[Event "CRO-chT U20 26th"]
[Site "Sv Filip i Jakov"]
[Date "2018.04.06"]
[Round "8.15"]
[White "Denic, Marin"]
[Black "Ghersinich, Carlo"]
[Result "1-0"]
[WhiteElo "1523"]
[BlackElo "1143"]
[PlyCount "59"]
[EventDate "2018.04.03"]
[EventType "team-swiss"]
[EventRounds "11"]
[EventCountry "CRO"]
[SourceTitle "CBM 184 Extra"]
[Source "ChessBase"]
[SourceDate "2018.06.28"]
[SourceVersion "1"]
[SourceVersionDate "2018.06.28"]
[SourceQuality "1"]

1. e4 e5 2. Nf3 Nc6 3. Bb5 Bc5 4. 0-0 a6 5. Ba4 Nf6 6. d3 0-0 7. Bxc6 dxc6 8. Nxe5 Bd6 9. Nf3 Nd7 10. Nc3 Nb6 11. Be3 Be6 12. Re1 h6 13. Qd2 Re8 14. Rad1 Bg4 15. h3 Bxf3 16. gxf3 Qd7 17. Kg2 Re6 18. f4 Rg6+ 19. Kh2 Re6 20. e5 Bf8 21. Ne4 Nc4 22. dxc4 Qxd2 23. Rxd2 f5 24. Ng3 g5 25. Nxf5 b5 26. cxb5 axb5 27. a3 c5 28. Rd7 Rc8 29. fxg5 h5 30. f4 1-0

[Event "CRO-chT U20 26th"]
[Site "Sv Filip i Jakov"]
[Date "2018.04.06"]
[Round "7.12"]
[White "Denic, Marin"]
[Black "Vucenovic, Damian"]
[Result "0-1"]
[WhiteElo "1523"]
[BlackElo "1666"]
[PlyCount "76"]
[EventDate "2018.04.03"]
[EventType "team-swiss"]
[EventRounds "11"]
[EventCountry "CRO"]
[SourceTitle "CBM 184 Extra"]
[Source "ChessBase"]
[SourceDate "2018.06.28"]
[SourceVersion "1"]
[SourceVersionDate "2018.06.28"]
[SourceQuality "1"]

1. e4 e5 2. Nf3 Nc6 3. Bb5 a6 4. Ba4 Nf6 5. 0-0 b5 6. Bb3 Be7 7. Re1 d6 8. h3 0-0 9. c3 Na5 10. Bc2 c5 11. d4 Qc7 12. Bg5 Nc6 13. d5 Nd8 14. Nbd2 Ne8 15. Bxe7 Qxe7 16. Nf1 g6 17. Ng3 Ng7 18. a4 Rb8 19. axb5 axb5 20. b3 f5 21. c4 f4 22. Ne2 b4 23. Ra2 Nf7 24. Qd3 Ng5 25. Rea1 Nxe4 26. Nxe5 dxe5 27. Qxe4 Nh5 28. Rd1 f3 29. Ng3 Nxg3 30. fxg3 Qg5 31. Kf2 Qh5 32. gxf3 Qxh3 33. Rg1 Bg4 34. f4 exf4 35. gxf4 Qh2+ 36. Rg2 Rxf4+ 37. Qxf4 Qxf4+ 38. Kg1 Bh3 0-1

[Event "Hvar op U15"]
[Site "Hvar"]
[Date "2017.10.01"]
[Round "5"]
[White "Petricevic, Mateo"]
[Black "Denic, Marin"]
[Result "1-0"]
[WhiteElo "1541"]
[BlackElo "1548"]
[PlyCount "79"]
[EventDate "2017.09.29"]
[EventType "swiss"]
[EventRounds "5"]
[EventCountry "CRO"]
[SourceTitle "EXT 2019"]
[Source "ChessBase"]
[SourceDate "2018.10.10"]
[SourceVersion "1"]
[SourceVersionDate "2018.10.10"]
[SourceQuality "1"]

1. Nf3 d5 2. d4 Nf6 3. c4 e6 4. e3 Nbd7 5. Nc3 b6 6. cxd5 exd5 7. Bb5 Bb7 8. 0-0 Bb4 9. Bd2 a6 10. Ba4 b5 11. Bb3 Bxc3 12. Bxc3 0-0 13. Rc1 Nb6 14. Bc2 Re8 15. Ne5 Nc4 16. Nd3 Ne4 17. Be1 Rc8 18. b3 Nb6 19. Bb4 h6 20. Bb1 c6 21. Ba5 Re7 22. Nc5 Nf6 23. Bf5 Rb8 24. Rc2 g6 25. Bh3 Bc8 26. Qf3 Bxh3 27. Qxf6 Be6 28. Nxa6 Ra8 29. Bxb6 Qxb6 30. Qxe7 Qxa6 31. Rfc1 Rc8 32. Qd6 Bf5 33. Rxc6 Rxc6 34. Qxc6 Qxa2 35. Qxb5 Qd2 36. Qc5 Qb2 37. b4 Qb3 38. b5 Kg7 39. b6 Be6 40. Qc7 1-0

[Event "CRO-ch U13"]
[Site "Trogir"]
[Date "2016.06.26"]
[Round "9"]
[White "Ljubicic, Mario"]
[Black "Denic, Marin"]
[Result "1-0"]
[WhiteElo "1636"]
[BlackElo "1584"]
[PlyCount "123"]
[EventDate "2016.06.21"]
[EventType "swiss"]
[EventRounds "9"]
[EventCountry "CRO"]
[SourceTitle "EXT 2017"]
[Source "ChessBase"]
[SourceDate "2016.10.25"]
[SourceVersion "1"]
[SourceVersionDate "2016.10.25"]
[SourceQuality "1"]

1. e4 c5 2. Nf3 Nc6 3. d4 cxd4 4. Nxd4 Nf6 5. Nc3 d6 6. Be3 e6 7. f3 Be7 8. Qd2 Bd7 9. 0-0-0 a6 10. g4 h6 11. h4 Ng8 12. f4 e5 13. Nf5 Bxf5 14. exf5 exf4 15. Bxf4 Ne5 16. Bxe5 dxe5 17. Qxd8+ Rxd8 18. Rxd8+ Bxd8 19. Bg2 b6 20. Bb7 a5 21. h5 Nf6 22. Bf3 0-0 23. Re1 Re8 24. Rd1 e4 25. Bxe4 Nxg4 26. Bc6 Bg5+ 27. Kb1 Rd8 28. Nd5 Rd6 29. Bb5 Kf8 30. Re1 Rd8 31. Nxb6 Nf6 32. c4 Nxh5 33. c5 Be7 34. Nd7+ Ke8 35. Nf6+ Kf8 36. Nxh5 Bxc5 37. Nf4 Bb4 38. Re2 Kg8 39. Ba4 Rd4 40. Ng2 Rg4 41. Kc2 h5 42. Ne3 Re4 43. Kd3 Rh4 44. Kc2 Bc5 45. Bb3 Re4 46. Kd3 Re5 47. Nd5 Rxf5 48. Ne7+ Bxe7 49. Rxe7 h4 50. Ke2 h3 51. Re8+ Kh7 52. Bc2 Kg6 53. Rh8 Kf6 54. Bxf5 Kxf5 55. Rxh3 g5 56. Ra3 g4 57. Kf2 Kf4 58. Rxa5 f5 59. Ra4+ Kg5 60. Kg3 Kg6 61. Rf4 Kh5 62. Rxf5+ 1-0